LEADER 03516oam 2200769I 450 001 9910451354003321 005 20200520144314.0 010 $a1-280-02248-5 010 $a0-415-26669-6 010 $a0-203-42281-3 010 $a1-134-50026-2 024 7 $a10.4324/9780203422816 035 $a(CKB)1000000000251161 035 $a(EBL)172755 035 $a(OCoLC)60803684 035 $a(SSID)ssj0000300608 035 $a(PQKBManifestationID)11947491 035 $a(PQKBTitleCode)TC0000300608 035 $a(PQKBWorkID)10252059 035 $a(PQKB)10042629 035 $a(SSID)ssj0000376758 035 $a(PQKBManifestationID)11298238 035 $a(PQKBTitleCode)TC0000376758 035 $a(PQKBWorkID)10350552 035 $a(PQKB)11646461 035 $a(MiAaPQ)EBC172755 035 $a(Au-PeEL)EBL172755 035 $a(CaPaEBR)ebr10101074 035 $a(CaONFJC)MIL2248 035 $a(OCoLC)53893683 035 $a(OCoLC)958105576 035 $a(EXLCZ)991000000000251161 100 $a20180331d2003 uy 0 101 0 $aeng 135 $aur|n|---||||| 181 $ctxt 182 $cc 183 $acr 200 00$aIssues in art and design teaching /$fedited by Nicholas Addison and Lesley Burgess 210 1$aLondon :$cRoutledgeFalmer,$d2003. 215 $a1 online resource (249 p.) 225 1 $aIssues in subject teaching series 300 $aDescription based upon print version of record. 311 $a0-203-42521-9 311 $a0-415-26668-8 320 $aIncludes bibliographical references and index. 327 $aBook Cover; Title; Contents; List of figures; Notes on contributors; Introduction to the series; Introduction: core debates and issues; Transitions and shifts in teaching and learning; Paradigm shifts; Recent shifts in US art education; Art and design in the UK: the theory gap; Cross-phase transitions; Changing places?; In and out of place: cleansing rites in art education; Curriculum issues; Research in art education; Concerns and aspirations for qualitative research in the new millennium; Productive tensions: residencies in research; Interdisciplinarity 327 $aThe role of language within a multimodal curriculumThe role of art and design in citizenship education; Thinking out of the box: developments in specialist art and design teacher education and ICT; Does visual literacy demand a head for heights?; Doubts and fears; Monsters in the playground: including contemporary art; Iconoscepticism: the value of images in education; Measuring artistic performance: the assessment debate and art education; The principle o 330 $aThis book draws together a range of issues in the teaching of art and design. Building on their learning about the teaching of art and design on ITT courses, the reader is encouraged to consider and reflect to improve their judgements. 410 0$aIssues in subject teaching. 606 $aArt$xStudy and teaching 606 $aDesign$xStudy and teaching 606 $aCurriculum planning 608 $aElectronic books. 615 0$aArt$xStudy and teaching. 615 0$aDesign$xStudy and teaching. 615 0$aCurriculum planning. 676 $a707.1 701 $aAddison$b Nicholas$f1954-$0940102 701 $aBurgess$b Lesley$f1952-$0940103 801 0$bMiAaPQ 801 1$bMiAaPQ 801 2$bMiAaPQ 906 $aBOOK 912 $a9910451354003321 996 $aIssues in art and design teaching$92119660 997 $aUNINA LEADER 03992nam 2200625 a 450 001 9910792116503321 005 20200520144314.0 010 $a1-283-06090-6 010 $a9786613060907 010 $a90-474-3341-6 024 7 $a10.1163/ej.9789004166714.i-211 035 $a(CKB)2610000000001580 035 $a(EBL)682398 035 $a(OCoLC)706475530 035 $a(SSID)ssj0000467600 035 $a(PQKBManifestationID)11312680 035 $a(PQKBTitleCode)TC0000467600 035 $a(PQKBWorkID)10496786 035 $a(PQKB)10021032 035 $a(MiAaPQ)EBC682398 035 $a(OCoLC)191727950 035 $a(nllekb)BRILL9789047433415 035 $a(Au-PeEL)EBL682398 035 $a(CaPaEBR)ebr10461291 035 $a(CaONFJC)MIL306090 035 $a(OCoLC)711003894 035 $a(PPN)184923859 035 $a(EXLCZ)992610000000001580 100 $a20080207d2008 uy 0 101 0 $aeng 135 $aurcn||||||||| 181 $ctxt 182 $cc 183 $acr 200 00$aChastity$b[electronic resource] $ea study in perception, ideals, opposition /$fedited by Nancy Van Deusen 210 $aLeiden ;$aBoston $cBrill$dc2008 215 $a1 online resource (219 p.) 225 1 $aPresenting the past : central issues in medieval and early modern studies across the disciplines,$x1875-2799 ;$vv. 1 300 $aDescription based upon print version of record. 311 $a90-04-16671-8 320 $aIncludes bibliographical references and index. 327 $tPreliminary Materials /$rN. Van Deusen -- $tIntroduction -- $tFailed Chastity And Ovid: Myrrha In The Latin Commentary Tradition From Antiquity To The Renaissance /$rFrank T. Coulson -- $tAmbrose Of Milan On Chastity /$rMarcia L. Colish -- $tThe Prohibition Of Clerical Marriage In The Eleventh Century /$rUta-Renate Blumenthal -- $tAn Arab Christian Philosophical Defense Of Religious Celibacy Against Its Islamic Condemnation: Yahy? Ibn ?ad? /$rThérèse-Anne Druart -- $tDepictions Of Chastity: Virtue Made Visible /$rSusan L?Engle -- $tWhat Makes A Marriage: Consent Or Consummation In Twelfth-Century German Literature /$rClaudia Bornholdt -- $t?The Spirit Of Fornication, Whom The Children Of The Hellenes Used To Call Eros?: Male Homoeroticism And The Rhetoric Of Chastity In The Letters Of Nilus Of Ancyra /$rCristian Gaspar -- $tThe Cry Of Eden /$rRafael Chodos -- $tIndex /$rN. Van Deusen. 330 $aChastity as a topic is an ideal interdisciplinary consideration since it accesses iconographical representation, the philosophical issues of purity, morality, and of innocence; the legal issues of loss and punishment, the historical issues of celibacy, and the legislation that topic evoked; as well as the role of chastity as a literary topos in Late Antiquity as well as the Middle Ages, for example, in medieval commentary traditions and within medieval vernacular literatures. The topic of Chastity, as well as its opposing characteristics, thus provides an arena for a discussion of the transmission of Ovid and the commentaries this author provoked in the Middle Ages, the interpretation of images illustrating legal texts, cross-cultural enquiries, such as the reciprocity between Christian, Muslim, and Judaic interpretations of temperance, continence, and abstinence, and the theological-legal issue of ?God?s rights? (in excising Adam and Eve from the Garden of Eden). Contributors: Nancy van Deusen; Frank T. Coulson; Marcia L. Colish; Uta-Renate Blumenthal; Thérèse-Anne Druart; Claudia Bornholdt; Susan L?Engle; Cristian Gaspar; and Rafael Chodos. 410 0$aPresenting the past (Leiden, Netherlands) ;$vv. 1. 606 $aChastity 615 0$aChastity. 676 $a176 701 $aVan Deusen$b Nancy$g(Nancy Elizabeth)$0871264 801 0$bMiAaPQ 801 1$bMiAaPQ 801 2$bMiAaPQ 906 $aBOOK 912 $a9910792116503321 996 $aChastity$93809080 997 $aUNINA